| 000 | 00958cam a22001934a 4500 | ||
|---|---|---|---|
| 005 | 20250605164117.0 | ||
| 008 | 250528s ||||||||||||||||||||||||d | ||
| 035 | _a18126 | ||
| 020 | _a9604054198 | ||
| 040 |
_aGR-AtMCL _bgre _dGR-AtMCL _eAACR2 |
||
| 245 | 1 | _aWord 2.xx για Windows | |
| 260 |
_bΊων, _c1993 |
||
| 300 | _a144 | ||
| 520 | _aΞεκίνημα του Word για Windows, Άνοιγμα Κειμένου, Εντολές, Glossaries, Δημιουργία Headers και Footers, Πίνακες και Διαγράμματα, Χωρισμός του Κειμένου σε Sections και Δημιουργία Στηλών, Προσθήκη Γραφικών και Τονισμός Κειμένου, Αναζήτηση και Εκτύπωση Κειμένων, Δημιουργία Συγχωνεύσεων (Merged) Κειμένων. | ||
| 700 | 1 |
_aΜιχαλη Πετρου _94417 |
|
| 942 | _cBK | ||
| 999 |
_c3509 _d3509 |
||